Theology and society in the second and third centuries of the Hijra. a history of religious thought in Early Islam / Volume 2 :
Theology and Society is the most comprehensive study of Islamic intellectual and religious history, focusing on Muslim theology. With its emphasis on the eighth and ninth centuries CE, it remains the most detailed prosopographical study of the early phase of the formation of Islam. Originally publis...
المؤلف الرئيسي:
مؤلفون آخرون:
التنسيق: كتاب الكتروني
اللغة:
English
German
منشور في:
Leiden ; Boston :
Brill.
c2017.
سلاسل:
Handbook of Oriental Studies. Section 1 The Near and Middle East
116/2.
Middle East and Islamic Studies E-Books Online, Collection 2017, ISBN: 9789004325999.
الموضوعات:
الوصول للمادة أونلاين: Login to view Source
الوسوم: إضافة وسم
رقم الطلب: BP166.1 .E87 2017
| LEADER | 03190nam a2200577 i 4500 | ||
|---|---|---|---|
| 001 | BRILL9789004344020 | ||
| 003 | nllekb | ||
| 005 | 20211118221559.0 | ||
| 006 | m d | ||
| 007 | cr un uuuua | ||
| 008 | 171107s2017 ne sb 001 0 eng d | ||
| 020 | |a 9789004344020 |q (electronic book) | ||
| 020 | |z 9789004342026 |q (print) | ||
| 024 | 7 | |a 10.1163/9789004344020 |2 DOI | |
| 035 | |a (OCoLC)1010502869 | ||
| 040 | |a NL-LeKB |c NL-LeKB |e rda | ||
| 041 | 1 | |a eng |h ger | |
| 050 | 4 | |a BP166.1 |b .E87 2017 | |
| 072 | 7 | |a REL |x 037000 |2 bisacsh | |
| 072 | 7 | |a HBJF1 |2 bicssc | |
| 072 | 7 | |a HIS026000 |2 bisacsh | |
| 082 | 0 | 4 | |a 297.209/021 |2 23 |
| 100 | 1 | |a Ess, Josef van. | |
| 240 | 1 | 0 | |a Theologie und Gesellschaft im 2. und 3. Jahrhundert Hidschra. |l English |
| 245 | 1 | 0 | |a Theology and society in the second and third centuries of the Hijra. |n Volume 2 : |b a history of religious thought in Early Islam / |c by Josef van Ess ; translated from German by John O'Kane. |
| 264 | 1 | |a Leiden ; |a Boston : |b Brill. | |
| 264 | 4 | |c c2017. | |
| 300 | |a 1 online resource (844 pages) | ||
| 336 | |a text |b txt |2 rdacontent | ||
| 337 | |a computer |b c |2 rdamedia | ||
| 338 | |a online resource |2 rdacarrier | ||
| 490 | 1 | |a Handbook of Oriental studies = |a Handbuch der Orientalistik. Section 1, The Near & Middle East ; |v v. 116/2 | |
| 504 | |a Includes bibliographical references and index. | ||
| 505 | 0 | 0 | |a Preliminary Material -- Iraq -- Iran -- The Arabian Peninsula -- Egypt -- Supplementary Remarks. |
| 506 | |a Available to subscribing member institutions only. | ||
| 520 | |a Theology and Society is the most comprehensive study of Islamic intellectual and religious history, focusing on Muslim theology. With its emphasis on the eighth and ninth centuries CE, it remains the most detailed prosopographical study of the early phase of the formation of Islam. Originally published in German between 1991 and 1995, Theology and Society is a monument of scholarship and a unique scholarly enterprise which has stood the test of time as an unparalleled reference work. | ||
| 588 | |a Description based on online resource; title from PDF title page (viewed November 7, 2017). | ||
| 650 | 0 | |a Islam |x Doctrines |x History. | |
| 650 | 0 | |a Islamic philosophy |x History. | |
| 650 | 7 | |a Islam |x Doctrines. |2 fast | |
| 650 | 7 | |a Islamic philosophy. |2 fast | |
| 655 | 7 | |a History. |2 fast | |
| 700 | 1 | |a O'Kane, John, |d 1940- | |
| 765 | 0 | 8 | |i Translation of: |a Ess, Josef van. |t Theologie und Gesellschaft im 2. und 3. Jahrhundert Hidschra. |d Berlin ; New York : W. de Gruyter, 1991-1997 |z 3110118599 |w (DLC) 92244436 |w (OCoLC)30894483 |
| 776 | 0 | 8 | |i Print version: |a Ess, Josef van. |t Theology and society in the second and third centuries of the Hijra. |d Leiden ; Boston : Brill, 2017 |z 9789004323179 |w (DLC) 2016047963 |
| 830 | 0 | |a Handbook of Oriental Studies. Section 1 The Near and Middle East |v 116/2. | |
| 830 | 0 | |a Middle East and Islamic Studies E-Books Online, Collection 2017, ISBN: 9789004325999. | |
| 856 | 4 | |z DOI: |u http://dx.doi.org/10.1163/9789004344020 | |
| 942 | |2 lcc |c EBOOK | ||
| 952 | |0 0 |1 0 |2 lcc |4 0 |7 1 |9 22440 |a BRILL |b BRILL |d 2021-11-18 |l 0 |r 2021-11-18 00:00:00 |w 2021-11-18 |y EBOOK | ||
| 999 | |c 39914 |d 39914 | ||
